Procesos contables /

Bibliographic Details
Main Authors: Suárez Muñoz, John Fernando (Author), Cardozo Velazco, Claudia (Author), Zapata López, Ana María (Author)
Other Authors: Cajigas Romero, Margot (Editor)
Format: Electronic eBook
Language:Spanish
Published: Santiago de Cali : Universidad Autónoma de Occidente, 2016.
Edition:Primera edición.
Series:Pre-Textos (Universidad Autónoma de Occidente (Cali, Colombia))
Subjects:
Online Access:Digitalia Hispánica

MARC

LEADER 00000nam a2200000Ii 4500
001 DIGUAOCCTE0094
003 NyNyDIG
006 m o d
007 cr |||||||||||
008 240915s2016 ck a ob 000 0 spa d
035 |a (OCoLC)1456948731 
040 |a DGITA  |b eng  |e rda  |e pn  |c DGITA 
050 1 4 |a HF5686.C7 ebook 
245 0 0 |a Procesos contables /  |c orientadora, Margot Cajigás Romero ; estudiantes, John Fernando Suárez Muñoz, Claudia Cardozo Velazco, Ana María Zapata López. 
250 |a Primera edición. 
264 1 |a Santiago de Cali :  |b Universidad Autónoma de Occidente,  |c 2016. 
300 |a 1 online resource :  |b illustrations. 
336 |a text  |b txt  |2 rdacontent 
337 |a computer  |b c  |2 rdamedia 
338 |a online resource  |b cr  |2 rdacarrier 
347 |a text file  |2 rdaft 
347 |b PDF 
490 1 |a Pre-Textos,  |x 2011-7795 
504 |a Includes bibliographical references. 
588 0 |a Online resource; title from PDF title page (Digitalia, viewed September 15, 2024) 
650 0 |a Corporations  |x Accounting. 
700 1 |a Cajigas Romero, Margot,  |e editor. 
700 1 |a Suárez Muñoz, John Fernando,  |e author. 
700 1 |a Cardozo Velazco, Claudia,  |e author. 
700 1 |a Zapata López, Ana María,  |e author. 
791 2 |a Digitalia (Firm),  |e distributor. 
793 0 |g Digitalia eBook Collection:  |a Universidad Autónoma de Occidente 
830 0 |a Pre-Textos (Universidad Autónoma de Occidente (Cali, Colombia)) 
856 4 0 |3 Digitalia Hispánica  |u https://www.digitaliapublishing.com/a/47620/ 
910 |a Premium collection: 2024